000 00401nam a2200121Ia 4500
008 180705s9999 xx 000 0 und d
020 _a9789719645177
100 _aBueno, David Cababaro
245 _cDavid Cababaro Bueno.
_aIntroduction to statistics :
_bconcepts and applications in research /
260 _aQuezon City:
_bGreat books trading
_c2016
300 _avi, 229 pages
650 _aStatistics.
999 _c358159
_d358159